000
00319nam a22001337a 4500
008
210302b ||||| |||| 00| 0 eng d
020
_a
0910701784
041
_a
eng
080
_a
61
100
_a
3
101
_a
SHM
245
_a
Measuring Patient Satisfaction for Improved Patient Services
_c
ACHE
942
_2
udc
_c
BK
999
_c
55542
_d
55542